| 000 | 01758nam a22004577a 4500 | ||
|---|---|---|---|
| 001 | 000096004 | ||
| 003 | CHAP | ||
| 005 | 20220329143135.0 | ||
| 008 | 060724d2006 mx abd r 00110 spa d | ||
| 010 | _a92470 | ||
| 011 | _a93442 | ||
| 035 | _a104016 | ||
| 040 | _cCHAP | ||
| 090 | _aTesis | ||
| 100 | 1 |
_aGonzález Tolentino, Jaime. _949449 |
|
| 245 | 1 | 0 |
_aRedes sociales de migración en el municipio de Luvianos Estado de México / _c/por Jaime González Tolentino. |
| 260 |
_aChapingo, Méx. : _bEl autor, _c2006. |
||
| 300 |
_a135 h. : _bilus. ; gráfs. ; mapas ; cuadros. |
||
| 502 | _aTesis (Ing. Agr. Esp. en Sociología Rural) -- UACH. Departamento de Sociología Rural | ||
| 590 |
_aALEPH _b10 _c20130110 _lUCH01 _h1512 |
||
| 590 |
_aBATCH-UPD _b10 _c20130110 _lUCH01 _h0530 |
||
| 590 |
_aBATCH-UPD _b10 _c20130410 _lUCH01 _h0210 |
||
| 590 |
_aBATCH-UPD _b10 _c20130914 _lUCH01 _h0830 |
||
| 590 |
_aBATCH-UPD _b10 _c20140324 _lUCH01 _h1458 |
||
| 590 |
_aBATCH-UPD _b10 _c20141002 _lUCH01 _h0831 |
||
| 590 |
_aCONVERSION _b10 _c20130109 _lUCH01 _h1351 |
||
| 590 |
_aE5765TAJ _b10 _c20130604 _lUCH01 _h0917 |
||
| 650 | 1 | 4 |
_aCampesinado _xMéxico (Edo.) _918026 |
| 650 | 1 | 4 |
_aEmigración e inmigración. _936517 |
| 650 | 1 | 4 |
_aMexicanos en E. U. A. _975272 |
| 650 | 1 | 4 |
_aPoblación rural _xMéxico (Edo.) _989452 |
| 650 | 1 | 4 |
_aTrabajadores migratorios _zMéxico. _9114481 |
| 650 | 1 | 4 |
_zMéxico (Edo.) _xCondiciones rurales. _9124376 |
| 856 |
_3Finding aid _uhttp://10.13.5.2/tesis/104016.pdf _zTeclea aquí |
||
| 901 | _aBK | ||
| 905 | _aMarco A. Mendoza T. | ||
| 942 | _cCD | ||
| 942 | _n0 | ||
| 949 |
_aTesis _bBC _cTES _d00000001040161 _eTS1 _gDonaciØn _h45546 _i104016 _sb |
||
| 949 |
_aTesis _bBC _cTES _d33724000991238 _eTS2 _fc.2 _gDonaciØn _h45547 _i104016 _sb |
||
| 999 |
_c92470 _d92470 |
||